|
|
|
|
| LEADER |
00000nab a2200000 a 4500 |
| 001 |
vtls000761999 |
| 003 |
SK-MaSNL |
| 005 |
20260304105623.0 |
| 008 |
250429c2001 xo 0 slo |
| 015 |
|
|
|a SNBRB2001/06-20025
|
| 035 |
|
|
|a CLN000113786
|
| 035 |
|
|
|a urn:nbn:sk:snk-abeqzz
|
| 035 |
|
|
|a (urnnbn)urn:nbn:sk:snk:ar-006yzq
|
| 035 |
|
|
|a (uuid)371b44b1-3dd5-4dd3-abe2-dcf2ad188721
|
| 040 |
|
|
|a SNKBUCL
|b slo
|c SNKBUCL
|e AACR2
|
| 041 |
0 |
|
|a slo
|
| 044 |
|
|
|a xo
|c SK
|
| 080 |
|
|
|a 343.77:340.133
|2 1997
|
| 080 |
|
|
|a 639.1.092(437.6)
|2 1997
|
| 080 |
|
|
|a 639.2.092(437.6)
|2 1997
|
| 100 |
1 |
|
|a Hanniker, Ladislav,
|d 1952-
|4 aut
|9 106855
|
| 245 |
1 |
0 |
|a Nutná obrana (a iné)
|b (k aplikácii novely trestného činu pytliactva podľa paragrafu 181 d Trestného zákona)
|c Ladislav Hanniker
|
| 650 |
0 |
7 |
|a pytliactvo
|x zákony
|x novelizácia
|2 snkbucl
|9 1407198
|
| 655 |
|
7 |
|a články z novín a časopisov
|2 snkbucl
|9 267496
|
| 773 |
0 |
|
|t Poľovníctvo a rybárstvo
|g Roč. 53, č. 4 (2001), s. 8 a 40
|x 0231-8768
|
| 850 |
|
|
|a Slovenská národná knižnica
|
| 852 |
|
|
|a Slovenská národná knižnica
|
| 958 |
|
|
|a article27
|
| 958 |
|
|
|a OND
|
| 958 |
|
|
|a SK
|
| 992 |
|
|
|a RBX
|
| 999 |
|
|
|c 2856366
|d 2858296
|